Beatriz e o plátano (Registo nº 62832)

Detalhes MARC
000 -Etiqueta do registo
campo de controlo de comprimento fixo 008080000a22002650004500
001 - Identificador do registo
Campo de controlo 62832
010 ## - ISBN
Número (ISBN) 972-41-0242-4
100 ## - Dados Gerais de Proc.
Dados gerais de processamento 20120510d1996 a||y0pory5003 ba
101 0# - Língua da publicação
Língua do texto, banda sonora, etc. Português
102 ## - País de Publicação
País de publicação Portugal
200 1# - Título
Título próprio Beatriz e o plátano
Primeira menção de responsabilidade Ilse Losa
Outras menções de responsabilidade il. Lisa Couwenbergh
205 ## - Menção da edição
Menção da edição 6ª. ed.
210 ## - Publicação, Distribuição
Lugar da edição, distribuição, etc. Porto
Nome do editor, distribuidor, etc. Asa
Data da publicação, distribuição, etc. 1996
215 ## - Descrição física
Descrição física 35 p.
Outras indicações físicas il.
225 2# - Colecção
Título próprio da colecção Asa juvenil
Nome de uma parte ou secção Série verde
301 ## - Nºs de identificação
Texto da nota 978-972-41-2119-2 ISBN atribuído á 12ª ed.
606 ## - Nome comum
Koha Internal code 2126
Elemento de entrada Literatura juvenil
Subdivisão de assunto Conto
675 ## - CDU
Notação 821.134.3-34
Edição BN
Língua da edição Português
675 ## - CDU
Notação 087.5-053.5
Edição BN
Língua da edição Português
700 #1 - Responsabilidade principal
Koha Internal Code 28500
Palavra de ordem Losa
Outra parte do nome Ilse
Datas 1913-2006
702 #1 - Responsabilidade secundária
Koha Internal Code 15864
Código de função Ilustrador
Palavra de ordem Couwenbergh
Outra parte do nome Lisa
801 ## - Fonte de origem
País Portugal
Data da última transacção 20120510
090 ## - Números de controlo do sistema (Koha)
Número biblioitem do Koha (gerado automaticamente) 62832
942 ## - Elementos de entrada adicionados (Koha)
Tipo de item no Koha Monografias
Suprimido Disponível no OPAC
999 ## - Campo local
Campo local 51148
Exemplares
Removido (estado) Perdido (estado) Data de aquisição Origem do registo (biblioteca) (codificado) Código da organização que empresta ou é detentora (biblioteca) Código de barras Local Número de inventário Cota Data de empréstimo ou depósito Tipo de circulação (não pode ser emprestado) Tipo de item e material Menção de edição Data da publicação, distribuição, etc. Localização da prateleira
Abatido Disponível 2020-07-31 Biblioteca EB1 n.º 1 de Tavira Biblioteca EB1 n.º 1 de Tavira BE1TAV11156   1156 82-3 LOS   Normal Monografias   2001  
Disponível Disponível 2012-05-10 Biblioteca EB23 D. Paio Peres Correia Biblioteca EB23 D. Paio Peres Correia BEBDPPC5569   5569 82-34 LOS   Normal Monografias 12ª 2007 Plano Nacional de Leitura – 2.º Ciclo
Disponível Disponível 2012-05-10 Biblioteca EB23 D. Paio Peres Correia Biblioteca EB23 D. Paio Peres Correia BEBDPPC5570   5570 82-34 LOS   Normal Monografias 12ª 2007 Plano Nacional de Leitura – 3.º Ciclo
Abatido Disponível 2015-10-26 Biblioteca EB23 D. Paio Peres Correia Biblioteca EB23 D. Paio Peres Correia BEBDPPC6196   6196 82-34 LOS   Normal Monografias 2000  
Disponível Disponível 2021-04-07 Biblioteca EB23 D. Paio Peres Correia Biblioteca EB23 D. Paio Peres Correia BEBDPPC2586   2586 82-34 LOS   Normal Monografias     Plano Nacional de Leitura – 2.º Ciclo
Disponível Disponível 2004-12-29 Biblioteca Municipal Álvaro de Campos Biblioteca Municipal Álvaro de Campos BMTAV32012 Depósito 32012 MJ3 LOS-D 2024-03-20 Normal Monografias 10ª 2003  
Disponível Disponível 2009-02-11 Biblioteca Municipal Álvaro de Campos Biblioteca Municipal Álvaro de Campos BMTAV47934 Sala Infantil 47934 MJ3 LOS 2023-11-06 Normal Monografias 12ª 2007 Plano Nacional de Leitura – 1.º Ciclo